El papel del contador público en la auditoría de calidad y su influencia en el desarrollo industrial de Cartagena. / (Registro nro. 49057)
[ vista simple ]
| 000 -LEADER | |
|---|---|
| fixed length control field | 02381nam a2200277 i 4500 |
| 005 - DATE AND TIME OF LATEST TRANSACTION | |
| control field | 20250626211117.0 |
| 007 - PHYSICAL DESCRIPTION FIXED FIELD--GENERAL INFORMATION | |
| fixed length control field | ta |
| 008 - FIXED-LENGTH DATA ELEMENTS--GENERAL INFORMATION | |
| fixed length control field | 200622s2025 000 0 eng d |
| 040 ## - CATALOGING SOURCE | |
| Original cataloging agency | CO-CtgCURN |
| Language of cataloging | spa |
| Transcribing agency | coctgcurn |
| Description conventions | rda |
| 082 0# - DEWEY DECIMAL CLASSIFICATION NUMBER | |
| Classification number | COP 2025 |
| Item number | B136 |
| 100 1# - MAIN ENTRY--PERSONAL NAME | |
| Personal name | Badillo Rodríguez, Andrea Yicell, |
| Relator term | author. |
| Relationship | aut |
| 245 13 - TITLE STATEMENT | |
| Title | El papel del contador público en la auditoría de calidad y su influencia en el desarrollo industrial de Cartagena. / |
| Statement of responsibility, etc. | Andrea Yicell Badillo Rodríguez; Camila Andrea Suárez Trujillo; Asesor: Jose Zambrano Torres. |
| 260 ## - PUBLICATION, DISTRIBUTION, ETC. | |
| Place of publication, distribution, etc. | Cartagena de Indias : |
| Name of publisher, distributor, etc. | Corporación Universitaria Rafael Núñez, |
| Date of publication, distribution, etc. | 2025. |
| 300 ## - PHYSICAL DESCRIPTION | |
| Extent | 45 hojas. |
| 336 ## - CONTENT TYPE | |
| Content type term | text |
| Content type code | txt |
| Source | rdacontent |
| 337 ## - MEDIA TYPE | |
| Media type term | unmediated |
| Media type code | n |
| Source | rdamedia |
| 338 ## - CARRIER TYPE | |
| Carrier type term | volume |
| Carrier type code | nc |
| Source | rdacarrier |
| 502 ## - DISSERTATION NOTE | |
| Dissertation note | Trabajo de grado (Contador público). Corporación Universitaria Rafael Núñez. Facultad de Ciencias Administrativas y Contables. Programa de Contaduría Pública, 2025. |
| 520 8# - SUMMARY, ETC. | |
| Summary, etc. | "En el contexto del creciente desarrollo industrial de Cartagena, la auditoría de calidad se ha consolidado como una herramienta estratégica para garantizar la eficiencia, sostenibilidad y competitividad de los procesos productivos. En este escenario, el contador público emerge como un actor clave, no solo por sus funciones tradicionales, sino por sus competencias en control interno, gestión de riesgos y cumplimiento normativo. Sin embargo, a pesar de su potencial contribución, muchas empresas industriales de la ciudad aún no integran de forma efectiva al profesional contable en sus procesos de auditoría de calidad, lo que limita el aprovechamiento de sus capacidades y afecta la calidad y sostenibilidad del desarrollo industrial. Ante esta realidad, se hace necesario analizar el rol que desempeña el contador público en la auditoría de calidad y su impacto en el fortalecimiento de las organizaciones industriales de Cartagena" |
| 650 #0 - SUBJECT ADDED ENTRY--TOPICAL TERM | |
| Topical term or geographic name entry element | Contaduría pública |
| General subdivision | Tesis y disertaciones académicas. |
| 700 1# - ADDED ENTRY--PERSONAL NAME | |
| Personal name | Suárez Trujillo Camila Andrea. |
| 700 1# - ADDED ENTRY--PERSONAL NAME | |
| Personal name | Zambrano Torres, José, |
| Relator term | asesor. |
| 856 7# - ELECTRONIC LOCATION AND ACCESS | |
| Uniform Resource Identifier | <a href="https://unicurn.sharepoint.com/:b:/s/biblioteca/EdYEZM-NbJFJlPuzSxgwYiUBjKppfIpDAEG-pL6R4BifWA?e=RXRUwc">https://unicurn.sharepoint.com/:b:/s/biblioteca/EdYEZM-NbJFJlPuzSxgwYiUBjKppfIpDAEG-pL6R4BifWA?e=RXRUwc</a> |
| Public note | Click para ver el recurso en texto completo |
| 942 ## - ADDED ENTRY ELEMENTS (KOHA) | |
| Source of classification or shelving scheme | Dewey Decimal Classification |
| Institution code [OBSOLETE] | MHC |
| -- | MHC |
| Koha item type | Trabajos de grado |
| Classification part | COP 2025 |
| Item part | B136 |
| Withdrawn status | Lost status | Source of classification or shelving scheme | Damaged status | Not for loan | Collection | Home library | Current library | Shelving location | Date acquired | Total checkouts | Full call number | Barcode | Date last seen | Price effective from | Koha item type |
|---|---|---|---|---|---|---|---|---|---|---|---|---|---|---|---|
| Dewey Decimal Classification | Trabajos de grado | Miguel Henríquez Castañeda | Miguel Henríquez Castañeda | Trabajo de grado | 06/26/2025 | COP 2025 B136 | 025567 | 06/26/2025 | 06/26/2025 | Trabajos de grado |